| 000 | 00502nam a2200169 a 4500 | ||
|---|---|---|---|
| 001 | 5495 | ||
| 003 | CDMR | ||
| 005 | 20131002132804.0 | ||
| 008 | 130130s2001||||||||||||||||||||||||||||d | ||
| 040 |
_aCDMR _bcat _cCDMR |
||
| 245 | 0 | _aQuines televisions públiques volem i com les financem? | |
| 260 |
_aBarcelona _c2001 _bCirculo de Economía |
||
| 300 |
_a10 p. _c30 cm |
||
| 650 | 0 | 4 |
_93108 _aTelevisió pública |
| 650 | 0 | 4 |
_93178 _aMitjans de comunicació de massa _xAspectes econòmics |
| 942 |
_cFULLET _2udc |
||
| 999 |
_c5495 _d5495 |
||